Países mais próximos de Austrália - Statistics

Estatísticas Gerais
  • Esse quiz foi jogado 66 vezes
  • A pontuação média é 16 de 20
Estatísticas das Respostas
km país % Correto
1303 Nova Zelândia
100%
123 Indonésia
90%
4 Papua Nova Guiné
90%
3266 Ilhas Marshall
86%
2250 Malásia
86%
1778 Micronésia
86%
3228 Tonga
86%
2591 Fiji
85%
1995 Palau
85%
1391 Ilhas Salomão
83%
3086 Kiribati
83%
3391 Tailândia
83%
1744 Vanuatu
83%
461 Timor-Leste
80%
3199 Tuvalu
80%
1920 Filipinas
76%
2863 Nauru
76%
2402 Brunei
75%
2798 Singapura
68%
3413 Vietname
68%
Nenhum quiz correspondente encontrado
Distribuição das Pontuações
Porcentagem de Pessoas com Cada Pontuação
Percentil de Números Respondidos
Sua Pontuação Histórica
Você não jogou esse quiz